000 00946nam a22002057a 4500
003 OSt
005 20260127160412.0
008 210704b ||||| |||| 00| 0 eng d
040 _cOSt
041 _ashan
082 _a959.195919
100 _aၶိူဝ်းသႅၼ်
_948732
245 _aမိူင်းၼိူဝ်မိူင်းတႂ်ႈပိုၼ်းၸၼ်ႉၵၢင်
_cၶိူဝ်းသႅၼ်
260 _a[ဢမ်ႇပႃးဝဵင်ႈ]
_bၵေႃတႅမ်ႈပပ်ႉႁဵၼ်းငဝ်ႈငုၼ်းၾိင်ႈငႄႈလိၵ်ႈလၢႆးပၢႆးပိင်ႇၺႃႇတႆး
_c2007
300 _a232 ၼႃႈ
_bပႃးၶႅပ်ႈႁၢင်ႈ၊ ႁၢင်ႈၽႅၼ်ႇလိၼ်
_c27 ၸိၼ်ႇထီႇ
500 _aS-SAT: Dr. Prof Sai Aung Tun
650 _aပိုၼ်းတႆး
_920580
942 _cBK
942 _2ddc
999 _c6144
_d6144